| 000 | 01005cam a2200265 a 4500 | ||
|---|---|---|---|
| 001 | 000005628 | ||
| 005 | 20200929151728.0 | ||
| 008 | 751204k19501950sp 001 p spa | ||
| 040 |
_aDO-SdBNP _bspa _cBNPHU |
||
| 082 |
_a861.3 _bC352ó |
||
| 100 | 1 |
_aCastillejo, Cristóbal de, _d1490-1550. _915883 |
|
| 245 | 1 | 0 |
_aObras / _cCristóbal de Castillejo ; edición y notas de J. Domínguez Bordona. |
| 260 |
_aMadrid, España : _bEspasa-Calpe, _c1950. |
||
| 300 |
_av. ; _c19 cm. |
||
| 490 | 1 |
_aClásicos castellanos _v72, 79, 88, 91 |
|
| 505 | 0 | _aI. Sermón de amores. Diálogo de mujeres | |
| 505 | 0 | _aII. Obras de amores. Obras de conversación y pasatiempo | |
| 505 | 0 | _aIII. Obras de conversación y pasatiempo (Conclusión) | |
| 505 | 0 | _aIV. Obras Morales. Obras de devoción | |
| 650 | 4 |
_aPoesía española _9631 |
|
| 650 | 4 |
_aLiteratura española _ySIGLO XVI _98688 |
|
| 700 | 1 |
_aDomínguez Bordona, J., _eed. _915854 |
|
| 830 | 0 |
_aClásicos castellanos ; _n72, 79, 88, 91 _915884 |
|
| 049 | _aBNGR | ||
| 999 |
_c5427 _d5427 |
||